Sinopsis mineral y paleontológica de España / (Record no. 62056)
[ view plain ]
| 000 -LEADER | |
|---|---|
| campo de control de longitud fija | 00660nam a2200181 i 4500 |
| 001 - NÚMERO DE CONTROL | |
| campo de control | 62056 |
| 003 - IDENTIFICADOR DE NÚMERO DE CONTROL | |
| campo de control | ES-MaACL |
| 005 - FECHA Y HORA DE LA ÚLTIMA TRANSACCIÓN | |
| campo de control | 20251105063130.0 |
| 007 - CAMPO FIJO DE DESCRIPCIÓN FÍSICA--INFORMACIÓN GENERAL | |
| campo de control de longitud fija | t| |
| 008 - DATOS DE LONGITUD FIJA--INFORMACIÓN GENERAL | |
| campo de control de longitud fija | 031117m19211926sp ||||1| spa d |
| 100 1# - ENTRADA PRINCIPAL--NOMBRE DE PERSONA | |
| Nombre de persona | Faura i Sans, M., |
| Fechas asociadas al nombre | 1883-1941 |
| 9 (RLIN) | 48954 |
| 245 10 - MENCIÓN DEL TÍTULO | |
| Título | Sinopsis mineral y paleontológica de España / |
| Mención de responsabilidad, etc. | por M. Faura y Sans. |
| 260 ## - PUBLICACIÓN, DISTRIBUCIÓN, ETC. | |
| Lugar de publicación, distribución, etc. | Madrid : |
| Nombre del editor, distribuidor, etc. | Espasa-Calpe, |
| Fecha de publicación, distribución, etc. | 1921-1926 ( |
| Fabricante | Tall. Espasa Calpe) |
| 300 ## - DESCRIPCIÓN FÍSICA | |
| Extensión | 32 p. ; |
| Dimensiones | 25 cm. |
| 500 ## - NOTA GENERAL | |
| Nota general | Es tirada aparte de la Encíclopedia Universal Ilustrada Espasa. Vols. XXI, España, pág. 122, 1921 y LVI págs. 663 a 691-1926. |
| 852 ## - LOCALIZACIÓN | |
| Ubicación | ES-MaACL |
| Número de control de estantería | 1726-F-3 |
| Estatus retirado | Estado de pérdida | Estado de daño | No para préstamo | Colección | Biblioteca de origen | Biblioteca actual | Ubicación en estantería | Fecha de adquisición | Fuente de adquisición | Total de préstamos | Signatura topográfica completa | Código de barras | Visto por última vez | Precio de reemplazo | Tipo de ítem Koha |
|---|---|---|---|---|---|---|---|---|---|---|---|---|---|---|---|
| Colección de folletos | Biblioteca del Ateneo de Madrid | Biblioteca del Ateneo de Madrid | Depósito folletos | 17/01/2008 | 1726-F-3 | 1065062 | 23/02/2023 | 23/02/2023 | Folleto |
